000 00690nam a2200289Ia 4500
005 20260324141512.0
008 008 260324s9999 xx 000 0 eng d
020 _a9781315037929
037 _aEBOOK
040 _aCRL
040 _beng
040 _cCRL
041 _2eng
041 _aeng
084 _qCRL
100 _aT.G. Otte; C. Pagedas
_91208432
245 0 _aPersonalities, War and Diplomacy
245 0 _bEssays in International History
260 _bTaylor and Francis
260 _c1997
365 _a
365 _b255
856 _uhttp://www.taylorfrancis.com/books/9781315037929
942 _cEBOOK
999 _c1811593
_d1811593